000 01218nam a2200217Ia 4500
999 _c5266
_d5266
020 _a0077108264
020 _a9780077108267
050 _aHB615
_b.D43
100 1 _aDeakins, David,
245 1 0 _aEntrepreneurship and small firms /
_cDavid Deakins and Mark Freel.
250 _aFourth edition.
260 _aLondon
_bThe McGraw-Hill Companies
_c2006
300 _a360 pages :
_billustrations ;
_c25 cm.
500 _aIncludes index
505 _aChapter 1: The Entrepreneur: Concepts and Evidence Chapter 2: Entrepreneurial activity and the economy (include international perspective) Chapter 3: Diversity in Entrepreneurship: The role of women & ethnic minorities Chapter 4: Sources of Finance: Overview of Issues and Debt Finance Chapter 5: Finance: VCs and BAs Chapter 6: Innovation Chapter 7: Information and Communication Technologies and E-Business Chapter 8: Growth Chapter 9: International Entrepreneurship Chapter 10: Family businesses Chapter 11: Issues in Business Start-up Chapter 12: Preparation for Business Start-up
650 0 _aEntrepreneurship.
650 0 _aSmall business
_xManagement.
650 0 _aNew business enterprises
_xManagement.
700 1 _aFreel, Mark S.
942 _cBK